000 01222cam a22003011i 4500
003 SA-RiAUC
005 20250830050913.0
008 250817s1998 ku o g b 00010 ara c
040 _aSA-RiIMS
_bara
_cSA-RiAUC
_erda
043 _aa-ku---
082 0 4 _a342.53802
090 _a342.53802
_bص ر ع
100 1 _aالصرعاوي، عبد العزيز عبد الله،
_d1927-2003
_eمؤلف.
245 1 2 _aالدستور الكويتي مع تمهيد في نشأة الكويت /
_cعبد العزيز عبد الله الصرعاوي.
250 _aالطبعة الأولى.
264 1 _aالصفاة، الكويت :
_bشركة الربيعان للنشر والتوزيع،
_c1998.
300 _a95 صفحة :
_bصور ؛
_c24 سم
336 _aنص
_btxt
_2rdacontent
_3كتاب
337 _aبدون وسيط
_bn
_2rdamedia
338 _aمجلد
_bnc
_2rdacarrier
500 _aملاحق : صفحة 77-87.
504 _aببليوجرافية : صفحة 95.
650 7 _aالقانون الدستوري
_zالكويت
_2aucsh
650 7 _aالدساتير
_zالكويت
_2aucsh
651 7 _aالكويت
_xتاريخ
_2aucsh
942 _2ddc
_cBOOK
_n0
949 _aSA-JeALM
_d250817
_umohamedma123
_n1
999 _c11311
_d11311